Mainamati : (Record no. 23523)

MARC details
000 -LEADER
fixed length control field 00780cam a2200229u 4500
001 - CONTROL NUMBER
control field 8460063
003 - CONTROL NUMBER IDENTIFIER
control field BDDh-ASL
005 - DATE AND TIME OF LATEST TRANSACTION
control field 20231015030243.0
008 - FIXED-LENGTH DATA ELEMENTS--GENERAL INFORMATION
fixed length control field 821208s1963 xx ab 000 0 eng
010 ## - LIBRARY OF CONGRESS CONTROL NUMBER
LC control number sa 65006827
040 ## - CATALOGING SOURCE
Original cataloging agency DLC
Transcribing agency CarP
Modifying agency DLC
-- BDDh-ASL
043 ## - GEOGRAPHIC AREA CODE
Geographic area code a-pk---
050 00 - LIBRARY OF CONGRESS CALL NUMBER
Classification number DS485.B43
Item number K5
082 ## - DEWEY DECIMAL CLASSIFICATION NUMBER
Classification number 930.1095
Item number KHM
100 1# - MAIN ENTRY--PERSONAL NAME
Personal name Khan, F. A. [from old catalog]
245 10 - TITLE STATEMENT
Title Mainamati :
Remainder of title a preliminary report on the recent archaeological excavations in East Pakistan /
260 ## - PUBLICATION, DISTRIBUTION, ETC.
Place of publication, distribution, etc. [Dacca?]
Name of publisher, distributor, etc. Dept. of Archaeology, Ministry of Education & Information, Govt. of Pakistan,
Date of publication, distribution, etc. [1963]
300 ## - PHYSICAL DESCRIPTION
Extent 36 p. :
Other physical details illus., col. maps.
Dimensions 25 cm.
651 #0 - SUBJECT ADDED ENTRY--GEOGRAPHIC NAME
Geographic name Bangladesh
General subdivision Antiquities.
906 ## - LOCAL DATA ELEMENT F, LDF (RLIN)
a 0
b cbc
c premunv
d u
e ncip
f 19
g y-gencatlg
942 ## - ADDED ENTRY ELEMENTS (KOHA)
Source of classification or shelving scheme Dewey Decimal Classification
Koha item type Books
Holdings
Withdrawn status Lost status Source of classification or shelving scheme Damaged status Not for loan Collection code Home library Current library Shelving location Date acquired Source of acquisition Total Checkouts Full call number Barcode Date last seen Copy number Price effective from Koha item type Public note
    Dewey Decimal Classification     Non-fiction Asiatic Society Library Asiatic Society Library General Stacks 03/27/2021 ASB Library Collections   930.1095 KHM 107985 03/27/2021 C-1 03/27/2021 Books RARE
    Dewey Decimal Classification     Non-fiction Asiatic Society Library Asiatic Society Library General Stacks 03/27/2021 ASB Library Collections   930.1095 KHM 107988 03/27/2021 C-2 03/27/2021 Books RARE
    Dewey Decimal Classification     Non-fiction Asiatic Society Library Asiatic Society Library General Stacks 03/27/2021 ASB Library Collections   930.1095 KHM 107989 03/27/2021 C-3 03/27/2021 Books RARE

Powered by Koha